LEADER 01980oam 2200529M 450 001 9910716301603321 005 20200213070901.9 035 $a(CKB)5470000002521124 035 $a(OCoLC)1065592060 035 $a(OCoLC)995470000002521124 035 $a(EXLCZ)995470000002521124 100 $a20071213d1927 ua 0 101 0 $aeng 135 $aurcn||||||||| 181 $ctxt$2rdacontent 182 $cc$2rdamedia 183 $acr$2rdacarrier 200 10$aPractice of pharmacy in the District of Columbia. January 25 (calendar day, January 28), 1927. -- Ordered to be printed 210 1$a[Washington, D.C.] :$c[U.S. Government Printing Office],$d1927. 215 $a1 online resource (3 pages) 225 1 $aSenate report / 69th Congress, 2nd session. Senate ;$vno. 1347 225 1 $a[United States congressional serial set] ;$v[serial no. 8685] 300 $aBatch processed record: Metadata reviewed, not verified. Some fields updated by batch processes. 300 $aFDLP item number not assigned. 517 $aPractice of pharmacy in the District of Columbia. January 25 606 $aFees, Administrative 606 $aHealth occupations licensing boards 606 $aLegislative amendments 606 $aMedical education 606 $aPharmacists 606 $aRecording and registration 608 $aLegislative materials.$2lcgft 615 0$aFees, Administrative. 615 0$aHealth occupations licensing boards. 615 0$aLegislative amendments. 615 0$aMedical education. 615 0$aPharmacists. 615 0$aRecording and registration. 701 $aCapper$b Arthur$f1865-1951$pRepublican (KS)$01386839 801 0$bWYU 801 1$bWYU 801 2$bOCLCO 801 2$bOCLCQ 906 $aBOOK 912 $a9910716301603321 996 $aPractice of pharmacy in the District of Columbia. January 25 (calendar day, January 28), 1927. -- Ordered to be printed$93490997 997 $aUNINA